Catálogo público

Cabras / Johan H. Koeslag; colaborador A. Fernán Castellanos E.; revisión F. Orozco Luna (Record no. 216830)

MARC details
000 -CABECERA
campo de control de longitud fija 01198nam a2200277Ia 4500
001 - NÚMERO DE CONTROL
campo de control Z_125
008 - DATOS DE LONGITUD FIJA--INFORMACIÓN GENERAL
campo de control de longitud fija 220601s9999 xx 000 0 und d
020 ## - NÚMERO INTERNACIONAL ESTÁNDAR DEL LIBRO
Número Internacional Estándar del Libro 968-24-1141-6
082 ## - NÚMERO DE LA CLASIFICACIÓN DECIMAL DEWEY
Número de clasificación 636.39 C33
245 ## - MENCIÓN DE TÍTULO
Título Cabras / Johan H. Koeslag; colaborador A. Fernán Castellanos E.; revisión F. Orozco Luna
260 ## - PUBLICACIÓN, DISTRIBUCIÓN, ETC.
Lugar de publicación, distribución, etc. México : Trillas
300 ## - DESCRIPCIÓN FÍSICA
Extensión 108 p.
440 ## - MENCIÓN DE SERIE/PUNTO DE ACCESO ADICIONAL--TÍTULO
Título Manuales para educación agropecuaria: Producción animal; 4
9 (RLIN) 137330
500 ## - NOTA GENERAL
Nota general la biblioteca cuenta con la 5a reimpresión de1985, y la 7a. reimpresión de1988Basado en el trabajo de Johan H. Koeslag. Este manaual ha sido elaborado dentro de un proyecto de cooperación técnica internacional de la DGETA, SEP, FAO Y PNUD.
503 ## - NOTA DE HISTORIA BIBLIOGRÁFICA (BK CF MU) [OBSOLETO]
Nota de historia bibliográfica ej.1: ?, ej.2: C/E, ej.3: C/E, FALTAN 2 EJEMPLARES
650 ## - PUNTO DE ACCESO ADICIONAL DE MATERIA--TÉRMINO DE MATERIA
Término de materia o nombre geográfico como elemento de entrada 1. Cabras
650 ## - PUNTO DE ACCESO ADICIONAL DE MATERIA--TÉRMINO DE MATERIA
Término de materia o nombre geográfico como elemento de entrada Ganado cabrío - Alimentación
650 ## - PUNTO DE ACCESO ADICIONAL DE MATERIA--TÉRMINO DE MATERIA
Término de materia o nombre geográfico como elemento de entrada Ganado cabrío - Producción
650 ## - PUNTO DE ACCESO ADICIONAL DE MATERIA--TÉRMINO DE MATERIA
Término de materia o nombre geográfico como elemento de entrada Ganado cabrío - razas
700 ## - PUNTO DE ACCESO ADICIONAL--NOMBRE DE PERSONA
Nombre de persona I. Koeslag, Johan H. \ II. Castellanos E., A. Fernán, colab. \ III. Orozco Luna, F., rev.Ì
9 (RLIN) 176673
901 ## - ELEMENTOS DE DATOS A LOCAL LDA (RLIN)
a 636.39 C33
902 ## - ELEMENTOS DE DATOS B LOCAL, LDB (RLIN)
a M
905 ## - ELEMENTOS DE DATOS E LOCAL, LDE (RLIN)
a 000000c1982 mx an 0000000000spa00
942 ## - ELEMENTOS DE PUNTO DE ACCESO ADICIONAL (KOHA)
Tipo de ítem Koha Libro_
Holdings
Estado de retiro Estado de pérdida Fuente del sistema de clasificación o colocación Estado dañado No para préstamo Código de colección Localización permanente Ubicación/localización actual Ubicación en estantería Fecha de adquisición Total de préstamos Código de barras Fecha visto por última vez Fecha del último préstamo Número de copia Precio válido a partir de Tipo de ítem Koha
    Dewey Decimal Classification     General Zootecnia Zootecnia   09/11/2005 1 z_0455 19/11/2025 19/11/2025 1 02/06/2022 Libro
    Dewey Decimal Classification     General Zootecnia Zootecnia   09/11/2005   z_0451 02/06/2022   1 02/06/2022 Libro
    Dewey Decimal Classification     General Zootecnia Zootecnia   09/11/2005   z_0452 02/06/2022   1 02/06/2022 Libro
    Dewey Decimal Classification     General Zootecnia Zootecnia   09/11/2005   z_0453 02/06/2022   3 02/06/2022 Libro
    Dewey Decimal Classification     General Zootecnia Zootecnia   09/11/2005   z_0454 02/06/2022   2 02/06/2022 Libro